MARC details
| 000 -LEADER |
| campo de control de longitud fija |
02749cam a2200421 a 4500 |
| 001 - NÚMERO DE CONTROL |
| campo de control |
10393640 |
| 003 - IDENTIFICADOR DE NÚMERO DE CONTROL |
| campo de control |
DFJGHKTYF |
| 005 - FECHA Y HORA DE LA ÚLTIMA TRANSACCIÓN |
| campo de control |
20220326193248.0 |
| 008 - DATOS DE LONGITUD FIJA--INFORMACIÓN GENERAL |
| campo de control de longitud fija |
130308s2013 nyua 001 0 eng d |
| 020 ## - NÚMERO INTERNACIONAL ESTÁNDAR DEL LIBRO |
| Número Internacional Estándar del Libro |
9781938922015 |
| 020 ## - NÚMERO INTERNACIONAL ESTÁNDAR DEL LIBRO |
| Número Internacional Estándar del Libro |
1938922018 |
| 035 ## - NÚMERO DE CONTROL DEL SISTEMA |
| Número de control de sistema |
(OCoLC)ocn833340992 |
| 035 ## - NÚMERO DE CONTROL DEL SISTEMA |
| Número de control de sistema |
(OCoLC)833340992 |
| 035 ## - NÚMERO DE CONTROL DEL SISTEMA |
| Número de control de sistema |
(NNC)10393640 |
| 040 ## - FUENTE DE CATALOGACIÓN |
| Centro catalogador/agencia de origen |
ERASA |
| Lengua de catalogación |
eng |
| Centro/agencia transcriptor |
CNNGC |
| Centro/agencia modificador |
NNC |
| 082 ## - NÚMERO DE LA CLASIFICACIÓN DECIMAL DEWEY |
| Número de clasificación |
702 |
| Número de ítem |
UL45d |
| 090 ## - LOCALMENTE ASIGNADO TIPO-LC NÚMERO DE CLASIFICACIÓN (OCLC); NÚMERO DE CLASIFICACIÓN LOCAL (RLIN) |
| Número de clasificación (OCLC) (R) ; Numero de clasificación, CALL (RLIN) (NR) |
N6494 C63 D6 2013 |
| 245 00 - MENCIÓN DEL TÍTULO |
| Título |
Do it : |
| Resto del título |
the compendium / |
| Mención de responsabilidad, etc. |
edited by Hans Ulrich Obrist ; in collaboration with Independent Curators International. |
| 246 30 - FORMA VARIANTE DEL TITULO |
| Título propio/Titulo breve |
Hans Ulrich Obrist : do it : the compendium |
| 260 ## - PUBLICACIÓN, DISTRIBUCIÓN, ETC. |
| Lugar de publicación, distribución, etc. |
New York : |
| Nombre del editor, distribuidor, etc. |
Independent Curators International : |
| -- |
Distributed Art Publishers |
| Fecha de publicación, distribución, etc. |
2013. |
| 300 ## - DESCRIPCIÓN FÍSICA |
| Extensión |
448 p. : |
| Otras características físicas |
ill. ; |
| Dimensiones |
26 cm. |
| 500 ## - NOTA GENERAL |
| Nota general |
Includes index. |
| 505 0# - NOTA DE CONTENIDO CON FORMATO |
| Título |
Introduction / |
| Mención de responsabilidad |
Hans Ulrich Obrist -- |
| Título |
Art by instruction and the pre-history of do it / |
| Mención de responsabilidad |
Bruce Altshuler -- |
| Título |
Progress report / |
| Mención de responsabilidad |
Kate Fowle and Hans Ulrich Obrist -- |
| Título |
Artists introductions -- |
| -- |
Do it at TEOR/éTica / |
| Mención de responsabilidad |
Virginia Pérez-Ratton -- |
| Título |
Why do it Chinese version? / |
| Mención de responsabilidad |
Hu Fang and Hans Ulrich Obrist -- |
| Título |
The evolution of do it / |
| Mención de responsabilidad |
Elizabeth Presa and Hans Ulrich Obrist. |
| 520 8# - RESUMEN, ETC. |
| Sumario, etc. |
Curated by Hans Ulrich Obrist, 'Do It' began in Paris in 1993 as a conversation between the artists Christian Boltanski and Bertrand Lavier and Obrist himself, who was experimenting with how exhibition formats could be rendered more flexible and open-ended. The discussion led to the question of whether a show could take "scores" or written instructions by artists as a point of departure, which could be interpreted anew each time they were enacted. To test the idea, Obrist invited 13 artists to send instructions, which were then translated into nine different languages and circulated internationally as a book. Within two years, 'Do It' exhibitions were being created all over the world by realizing the artists' instructions. With every version of the exhibition new instructions were added, so that today more than 300 artists have contributed to the project. |
| 650 #0 - PUNTO DE ACCESO ADICIONAL DE MATERIA--TÉRMINO DE MATERIA |
| Término de materia o nombre geográfico como elemento de entrada |
Conceptual art |
| Subdivisión de forma |
Exhibitions. |
| 9 (RLIN) |
439 |
| 650 #0 - PUNTO DE ACCESO ADICIONAL DE MATERIA--TÉRMINO DE MATERIA |
| Término de materia o nombre geográfico como elemento de entrada |
Interactive art |
| Subdivisión de forma |
Exhibitions. |
| 9 (RLIN) |
440 |
| 650 #0 - PUNTO DE ACCESO ADICIONAL DE MATERIA--TÉRMINO DE MATERIA |
| Término de materia o nombre geográfico como elemento de entrada |
Art, Modern |
| Subdivisión cronológica |
20th century |
| Subdivisión de forma |
Exhibitions. |
| 9 (RLIN) |
441 |
| 650 #0 - PUNTO DE ACCESO ADICIONAL DE MATERIA--TÉRMINO DE MATERIA |
| Término de materia o nombre geográfico como elemento de entrada |
Art, Modern |
| Subdivisión cronológica |
21st century |
| Subdivisión de forma |
Exhibitions. |
| 9 (RLIN) |
442 |
| 650 #0 - PUNTO DE ACCESO ADICIONAL DE MATERIA--TÉRMINO DE MATERIA |
| Subdivisión general |
arte conceptual- exhibiciones- exposiciones |
| -- |
artemoderno- siglo XX-XXI |
| 9 (RLIN) |
443 |
| 650 #6 - PUNTO DE ACCESO ADICIONAL DE MATERIA--TÉRMINO DE MATERIA |
| Término de materia o nombre geográfico como elemento de entrada |
Art conceptuel |
| Subdivisión de forma |
Expositions. |
| 9 (RLIN) |
444 |
| 650 #6 - PUNTO DE ACCESO ADICIONAL DE MATERIA--TÉRMINO DE MATERIA |
| Término de materia o nombre geográfico como elemento de entrada |
Art interactif |
| Subdivisión de forma |
Expositions. |
| 9 (RLIN) |
445 |
| 650 #6 - PUNTO DE ACCESO ADICIONAL DE MATERIA--TÉRMINO DE MATERIA |
| Término de materia o nombre geográfico como elemento de entrada |
Art |
| Subdivisión cronológica |
20e siècle |
| Subdivisión de forma |
Expositions. |
| 9 (RLIN) |
446 |
| 650 #6 - PUNTO DE ACCESO ADICIONAL DE MATERIA--TÉRMINO DE MATERIA |
| Término de materia o nombre geográfico como elemento de entrada |
Art |
| Subdivisión cronológica |
21e siècle |
| Subdivisión de forma |
Expositions. |
| 9 (RLIN) |
447 |
| 700 1# - ENTRADA AGREGADA--NOMBRE PERSONAL |
| Nombre de persona |
Obrist, Hans-Ulrich. |
| 9 (RLIN) |
448 |
| 710 2# - ENTRADA AGREGADA--NOMBRE DE ENTIDAD CORPORATIVA |
| Nombre de entidad corporativa o nombre de jurisdicción como elemento de entrada |
Independent Curators International. |
| 9 (RLIN) |
449 |
| 948 1# - PROCESAMIENTO DE INFORMACIÓN LOCAL (OCLC); DESIGNADOR DE PARTE DE LA SERIE (RLIN) |
| Designador de la parte de la serie, SPT (RLIN) |
20130726 |
| b (OCLC) |
c |
| c (OCLC) |
rhg9 |
| d (OCLC) |
OSMC |